Poskytovanie služieb zákazníkom na platforme Funtoro
Salvato in:
| Autore principale: | |
|---|---|
| Altri autori: | |
| Natura: | Manoscritto Libro |
| Lingua: | slovacco |
| Pubblicazione: |
2016
|
| Soggetti: | |
| Accesso online: | http://is.stuba.sk/zp/portal_zp.pl?podrobnosti=131370 |
| Tags: |
Nessun Tag, puoi essere il primo ad aggiungerne!!
|
MARC
| LEADER | 00000ntm a22000003a 4500 | ||
|---|---|---|---|
| 001 | stuzp58959 | ||
| 003 | SK-STU | ||
| 005 | 20160719155722.8 | ||
| 007 | ta | ||
| 008 | 150427s2015----xo-----f-mn---000-0-slo-d | ||
| 040 | |a STU |b slo | ||
| 041 | 0 | |a slo | |
| 100 | 1 | |a Trybulová, Natália |u 070400 |k Z4 |4 aut |U FIIT Fakulta informatiky a informačných technológií |T FIIT Ústav počítačového inžinierstva a aplikovanej informatiky |X 8459 |U I400 |Y 672 |7 A000008459 | |
| 242 | 0 | 1 | |a Providing services to customers by means of Funtoro system |y eng |
| 245 | 1 | 0 | |a Poskytovanie služieb zákazníkom na platforme Funtoro |
| 260 | |c 2016 | ||
| 650 | 4 | |a funtoro |2 slo | |
| 650 | 4 | |a premiovy program |2 slo | |
| 650 | 4 | |a bezpecnost |2 slo | |
| 650 | 4 | |a funtoro |2 eng | |
| 650 | 4 | |a security |2 eng | |
| 650 | 4 | |a premium program |2 eng | |
| 700 | 1 | |a Pištek, Peter |u 070400 |k Z1 |4 ths |U FIIT Fakulta informatiky a informačných technológií |T FIIT Ústav počítačového inžinierstva a aplikovanej informatiky |X 20920 |U I400 |Y 672 |7 20920 | |
| 856 | 4 | |u http://is.stuba.sk/zp/portal_zp.pl?podrobnosti=131370 | |
| 996 | |b 8225 |c I* DIP 49/2016 |l II680 |s P |a 0 |w stuzp58959_0001 | ||
| SQL | |a stuzp58959 |b DDP |c SLO |d Poskytovanie služieb zákazníkom na platforme Funtoro |e 8459 |f Trybulová, Natália |g 070400 |h 20920 |i Pištek, Peter |j 20160613 |k 211 |l 07 |m http://is.stuba.sk/zp/portal_zp.pl?podrobnosti=131370 |n I-SI2 |o 9.2.5. softvérové inžinierstvo | ||